[Event "Chigorin Memorial 17th"]
[Site "St Petersburg"]
[Date "2009.10.21"]
[Round "6"]
[White "Gadzhiev, Yaroslav"]
[Black "Androsov, Sergey"]
[Result "0-1"]
[WhiteElo "2326"]
[BlackElo "2075"]
[PlyCount "52"]
[EventDate "2009.10.16"]
[EventType "swiss"]
[EventRounds "9"]
[EventCountry "RUS"]
[SourceTitle "CBM 132 Extra"]
[Source "ChessBase"]
[SourceDate "2009.11.03"]
[SourceVersion "1"]
[SourceVersionDate "2009.11.03"]
[SourceQuality "1"]

1. d4 Nf6 2. c4 e6 3. Nc3 b6 4. e4 Bb7 5. e5 Ne4 6. Nf3 Bb4 7. Bd2 Nxd2 8. Nxd2 0-0 9. a3 Bxc3 10. bxc3 c5 11. Qh5 f5 12. dxc5 Qc7 13. f4 Qxc5 14. Qe2 Na6 15. Nb3 Qe7 16. Nd4 Nc5 17. Nb5 Ne4 18. 0-0-0 Bc6 19. Kb2 Bxb5 20. cxb5 Qc5 21. Qc4 Qf2+ 22. Qe2 Qxf4 23. Rxd7 Qxe5 24. Rd4 Rac8 25. Rxe4 Qxc3+ 26. Ka2 fxe4 0-1

[Event "Chigorin Memorial 17th"]
[Site "St Petersburg"]
[Date "2009.10.17"]
[Round "2"]
[White "Gadzhiev, Yaroslav"]
[Black "Zanan, Evgeny"]
[Result "0-1"]
[WhiteElo "2326"]
[BlackElo "2111"]
[PlyCount "99"]
[EventDate "2009.10.16"]
[EventType "swiss"]
[EventRounds "9"]
[EventCountry "RUS"]
[SourceTitle "CBM 132 Extra"]
[Source "ChessBase"]
[SourceDate "2009.11.03"]
[SourceVersion "1"]
[SourceVersionDate "2009.11.03"]
[SourceQuality "1"]

1. e4 c5 2. Nf3 e6 3. c3 d5 4. e5 d4 5. Bb5+ Bd7 6. Bxd7+ Qxd7 7. d3 Nc6 8. c4 Nge7 9. 0-0 Ng6 10. Re1 Be7 11. Na3 0-0 12. g3 Bd8 13. Re4 Bc7 14. Qe2 f5 15. exf6 Rxf6 16. Bg5 Rf7 17. Nh4 Nxh4 18. Bxh4 e5 19. g4 Raf8 20. h3 Bd8 21. Bg3 Bg5 22. Rf1 Qd6 23. Nc2 Qh6 24. Kg2 Bh4 25. Bxh4 Qxh4 26. Ne1 Ne7 27. Rxe5 Ng6 28. Re4 Nf4+ 29. Rxf4 Rxf4 30. f3 R4f7 31. Qe6 Qe7 32. Qxe7 Rxe7 33. Nc2 Re2+ 34. Rf2 Rfe8 35. b4 b6 36. a3 g5 37. Kf1 Rxf2+ 38. Kxf2 Kf7 39. a4 Kf6 40. a5 Ke5 41. axb6 axb6 42. bxc5 bxc5 43. Ne1 Rb8 44. Kg3 Rb2 45. Ng2 Re2 46. h4 h6 47. Kh3 Rd2 48. hxg5 hxg5 49. f4+ gxf4 50. Kh4 0-1